00345pab a2200133 454500008004000000100001800040245006800058260000900126300001300135362000800148650001400156650002600170773001500196180718b2009 xxu||||| |||| 00| 0 eng d aCornford, Tom aAdministrative redress: the Law Commission's consultation paper c2009 ap.70-88. aJan aOmbudsman aAdministrative reform aPublic Law